<?xml version="1.0" encoding="UTF-8"?>
<record
    xmlns:xsi="http://www.w3.org/2001/XMLSchema-instance"
    xsi:schemaLocation="http://www.loc.gov/MARC21/slim http://www.loc.gov/standards/marcxml/schema/MARC21slim.xsd"
    xmlns="http://www.loc.gov/MARC21/slim">

  <leader>00795nam a22001817a 4500</leader>
  <controlfield tag="005">20120418103741.0</controlfield>
  <datafield tag="020" ind1=" " ind2=" ">
    <subfield code="c">250.00</subfield>
    <subfield code="a">8188380350 </subfield>
  </datafield>
  <datafield tag="035" ind1=" " ind2=" ">
    <subfield code="a">B-200123</subfield>
  </datafield>
  <datafield tag="037" ind1=" " ind2=" ">
    <subfield code="b"> </subfield>
    <subfield code="a">dpl</subfield>
  </datafield>
  <datafield tag="082" ind1=" " ind2=" ">
    <subfield code="a">303.485</subfield>
  </datafield>
  <datafield tag="100" ind1=" " ind2=" ">
    <subfield code="a">&#x915;&#x92E;&#x932;, &#x90F;&#x92E;.&#x92A;&#x940;.</subfield>
    <subfield code="9">45260</subfield>
  </datafield>
  <datafield tag="245" ind1="1" ind2=" ">
    <subfield code="a">&#x92A;&#x94D;&#x930;&#x915;&#x943;&#x924;&#x93F;&#x915; &#x92E;&#x939;&#x93E;&#x935;&#x93F;&#x928;&#x93E;&#x936; &#x932;&#x939;&#x930;&#x947;&#x902;....&#x932;&#x93E;&#x935;&#x93E;....&#x92D;&#x942;&#x915;&#x92E;&#x94D;&#x92A; /</subfield>
    <subfield code="c">&#x90F;&#x92E;.&#x92A;&#x940;.&#x915;&#x92E;&#x932;</subfield>
  </datafield>
  <datafield tag="260" ind1=" " ind2=" ">
    <subfield code="a">&#x928;&#x908; &#x926;&#x93F;&#x932;&#x94D;&#x932;&#x940;</subfield>
    <subfield code="b">&#x92E;&#x93F;&#x924;&#x94D;&#x924;&#x932; &#x92C;&#x941;&#x915; &#x90F;&#x91C;&#x947;&#x928;&#x94D;&#x938;&#x940;</subfield>
    <subfield code="c">2006</subfield>
  </datafield>
  <datafield tag="270" ind1=" " ind2=" ">
    <subfield code="a"> </subfield>
    <subfield code="b"> </subfield>
    <subfield code="e"> </subfield>
    <subfield code="k"> </subfield>
  </datafield>
  <datafield tag="300" ind1=" " ind2=" ">
    <subfield code="a">216&#x92A;&#x943;.</subfield>
    <subfield code="c">22&#x938;&#x947;&#x92E;&#x940; (&#x938;&#x91C;&#x93F;&#x932;&#x94D;&#x926;)</subfield>
  </datafield>
  <datafield tag="942" ind1=" " ind2=" ">
    <subfield code="a">dpl</subfield>
    <subfield code="c">HN</subfield>
    <subfield code="k"> </subfield>
    <subfield code="2">ddc</subfield>
    <subfield code="h">303.485</subfield>
    <subfield code="m">&#x915;&#x92E;&#x932;</subfield>
  </datafield>
  <datafield tag="999" ind1=" " ind2=" ">
    <subfield code="c">65162</subfield>
    <subfield code="d">65162</subfield>
  </datafield>
  <datafield tag="952" ind1=" " ind2=" ">
    <subfield code="0">0</subfield>
    <subfield code="1">0</subfield>
    <subfield code="4">0</subfield>
    <subfield code="7">0</subfield>
    <subfield code="8">NFIC</subfield>
    <subfield code="a">ZLS</subfield>
    <subfield code="b">ZLS</subfield>
    <subfield code="d">2012-04-18</subfield>
    <subfield code="g">250.00</subfield>
    <subfield code="l">0</subfield>
    <subfield code="o">303.485 &#x915;&#x92E;&#x932;</subfield>
    <subfield code="p">B-200123</subfield>
    <subfield code="r">2012-04-18 00:00:00</subfield>
    <subfield code="v">250.00</subfield>
    <subfield code="w">2012-04-18</subfield>
    <subfield code="y">HN</subfield>
  </datafield>
</record>
